|
|
|
|
| LEADER |
01971nam a2200433 4500 |
| 001 |
ocn919497402 |
| 003 |
OCoLC |
| 005 |
20180501122027.0 |
| 006 |
m o d |
| 007 |
cr cnu---unuuu |
| 008 |
150901s2013 ne a ob 001 0 eng d |
| 040 |
|
|
|a OPELS
|b eng
|e rda
|e pn
|c OPELS
|d UIU
|d OCLCQ
|d OCLCO
|d DEBBG
|d GrThAP
|
| 019 |
|
|
|a 923015282
|
| 020 |
|
|
|a 9780124076761
|
| 020 |
|
|
|a 0124076769
|
| 035 |
|
|
|a (OCoLC)919497402
|z (OCoLC)923015282
|
| 050 |
|
4 |
|a QH431
|b .A38 2013eb
|
| 082 |
0 |
4 |
|a 576.5
|2 23
|
| 049 |
|
|
|a TEFA
|
| 245 |
0 |
0 |
|a Advances in genetics.
|n Volume 82 /
|c edited by Theodore Friedmann, Jay Dunlap, Stephen Goodwin.
|
| 264 |
|
1 |
|a Amsterdam :
|b Academic Press,
|c 2013.
|
| 300 |
|
|
|a 1 online resource (vii, 111 pages) :
|b illustrations.
|
| 336 |
|
|
|a text
|b txt
|2 rdacontent
|
| 337 |
|
|
|a computer
|b c
|2 rdamedia
|
| 338 |
|
|
|a online resource
|b cr
|2 rdacarrier
|
| 490 |
1 |
|
|a Advances in genetics ;
|v v. 82
|
| 504 |
|
|
|a Includes bibliographical references and index.
|
| 505 |
0 |
|
|a 1. The Repair and Signaling Responses to DNA Double-Strand Breaks -- 2. Biological Activity and Biotechnological Aspects of Locked Nucleic Acids.
|
| 520 |
|
|
|a The field of genetics is rapidly evolving, and new medical breakthroughs are occurring as a result of advances in our knowledge of genetics. Advances in Genetics continually publishes important reviews of the broadest interest to geneticists and their colleagues in affiliated disciplines.
|
| 588 |
0 |
|
|a Print version record.
|
| 650 |
|
0 |
|a Genetics.
|
| 650 |
|
7 |
|a Genetics.
|2 fast
|0 (OCoLC)fst00940117
|
| 655 |
|
4 |
|a Electronic books.
|
| 700 |
1 |
|
|a Friedmann, Theodore,
|d 1935-
|e editor.
|
| 700 |
1 |
|
|a Dunlap, Jay C.,
|e editor.
|
| 700 |
1 |
|
|a Goodwin, Stephen F.,
|e editor.
|
| 776 |
0 |
8 |
|i Print version:
|t Advances in genetics. Volume 82
|z 9780124076761
|w (OCoLC)843807628
|
| 830 |
|
0 |
|a Advances in genetics ;
|v v. 82.
|
| 856 |
4 |
0 |
|u https://www.sciencedirect.com/science/bookseries/00652660/82
|z Full Text via HEAL-Link
|